Kodagu Prantyadalli Kandubaruva Jatigalu Matthu Budakattu Janangagala Vrithanta Samhithe: (Record no. 229349)
[ view plain ]
| 000 -LEADER | |
|---|---|
| fixed length control field | 01433nam a22002537a 4500 |
| 005 - DATE AND TIME OF LATEST TRANSACTION | |
| control field | 20231201161212.0 |
| 008 - FIXED-LENGTH DATA ELEMENTS--GENERAL INFORMATION | |
| fixed length control field | 231201b ||||| |||| 00| 0 eng d |
| 040 ## - CATALOGING SOURCE | |
| Transcribing agency | AL |
| 041 ## - LANGUAGE CODE | |
| Language code of text/sound track or separate title | kan |
| 082 ## - DEWEY DECIMAL CLASSIFICATION NUMBER | |
| Edition number | 23 |
| Classification number | 307.772K |
| Item number | RICK |
| 100 ## - MAIN ENTRY--PERSONAL NAME | |
| Personal name | Richter G: ರಿಕ್ಟರ್ ಜಿ |
| 100 ## - MAIN ENTRY--PERSONAL NAME | |
| 9 (RLIN) | 143996 |
| 245 ## - TITLE STATEMENT | |
| Title | Kodagu Prantyadalli Kandubaruva Jatigalu Matthu Budakattu Janangagala Vrithanta Samhithe: |
| Remainder of title | ಕೊಡಗು ಪ್ರಾಂತ್ಯದಲ್ಲಿ ಕಂಡುಬರುವ ಜಾತಿಗಳು ಮತ್ತು ಬುಡಕಟ್ಟು ಜನಾಂಗಗಳ ವೃತ್ತಾಂತ ಸಂಹಿತೆ |
| 260 ## - PUBLICATION, DISTRIBUTION, ETC. | |
| Place of publication, distribution, etc. | Mangalore |
| Name of publisher, distributor, etc. | Prasaranga Mangalore University |
| Date of publication, distribution, etc. | 2011 |
| 300 ## - PHYSICAL DESCRIPTION | |
| Extent | xviii,99p. |
| Other physical details | PB |
| Dimensions | 22x14cm. |
| 365 ## - TRADE PRICE | |
| Source of price type code | kannada |
| Price type code | 063-65 |
| Price amount | 50.00 |
| Currency code | ₹ |
| Unit of pricing | 100.00 |
| Price note | 50% |
| Price effective from | 23-11-2023 |
| 650 ## - SUBJECT ADDED ENTRY--TOPICAL TERM | |
| Topical term or geographic name entry element | Jatiyetara Budakattugalu: ಜಾತಿಯೇತರ ಬುಡಕಟ್ಟುಗಳು |
| 9 (RLIN) | 143946 |
| 650 ## - SUBJECT ADDED ENTRY--TOPICAL TERM | |
| Topical term or geographic name entry element | Ethnographical Compendium on the Castes and Tribes Found in the Province of Coorg |
| 9 (RLIN) | 143997 |
| 650 ## - SUBJECT ADDED ENTRY--TOPICAL TERM | |
| Topical term or geographic name entry element | Sevavrattiya Jatigalu: ಸೇವಾವೃತ್ತಿಯ ಜಾತಿಗಳು |
| 9 (RLIN) | 143947 |
| 650 ## - SUBJECT ADDED ENTRY--TOPICAL TERM | |
| Topical term or geographic name entry element | Kushalkarmi Jatigalu: ಕುಶಲಕರ್ಮಿ ಜಾತಿಗಳು |
| 9 (RLIN) | 143948 |
| 650 ## - SUBJECT ADDED ENTRY--TOPICAL TERM | |
| Topical term or geographic name entry element | Purohita Jatigalu: ಪುರೋಹಿತ ಜಾತಿಗಳು |
| 9 (RLIN) | 143949 |
| 700 ## - ADDED ENTRY--PERSONAL NAME | |
| Personal name | RICHTER (G): ರಿಕ್ಟರ್ (ಜಿ) |
| 9 (RLIN) | 143950 |
| 700 ## - ADDED ENTRY--PERSONAL NAME | |
| Personal name | ಲೋಕೇಶ್ (ಕೆ ಎಂ) Tr |
| 9 (RLIN) | 143958 |
| 942 ## - ADDED ENTRY ELEMENTS (KOHA) | |
| Source of classification or shelving scheme | Dewey Decimal Classification |
| Koha item type | Book |
| Withdrawn status | Lost status | Source of classification or shelving scheme | Damaged status | Not for loan | Collection code | Home library | Current library | Date acquired | Source of acquisition | Cost, normal purchase price | Total Checkouts | Full call number | Barcode | Date last seen | Date last checked out | Cost, replacement price | Price effective from | Koha item type |
|---|---|---|---|---|---|---|---|---|---|---|---|---|---|---|---|---|---|---|
| Dewey Decimal Classification | Kannada | St Aloysius Library | St Aloysius Library | 11/24/2023 | Prasaranga Mangalore University | 50.00 | 1 | 307.772K RICK | 076961 | 04/20/2024 | 12/08/2023 | 100.00 | 12/01/2023 | Book |